| 000 | 00650nam a2200217Ia 4500 | ||
|---|---|---|---|
| 003 | GCL | ||
| 008 | 140319s9999 xx 000 0 ara d | ||
| 040 |
_aGCL / _cGCL |
||
| 082 | 0 | 4 |
_a811.5 _bا ل |
| 100 | 1 | _aابراهيم عوض | |
| 245 | 1 | 0 |
_aلغة المتنبى دراسة تحليلية / _cابراهيم عوض |
| 260 |
_a[S.N] : _bمطبعة الشباب الحر ، _c1987 |
||
| 300 | _a326 ص | ||
| 490 | _a | ||
| 650 | 0 | 4 | _aالشعر العربى |
| 650 | 0 | 4 | _aالادب العربى |
| 650 | 0 | 4 | _aالالفاظ |
| 650 | 0 | 4 | _aالدولة العباسية الثانية |
| 650 | 0 | 4 | _aتاريخ ونقد |
| 942 |
_2ddc _cBK |
||
| 999 |
_c29624 _d29624 |
||